[Event "Tournoi Skype 028B"]
[Site "Skype"]
[Date "????.??.??"]
[Round "2.56"]
[White "Guevara, Lizbeth"]
[Black "Conde, Ramon"]
[Result "0-1"]
[WhiteElo "1000"]
[BlackElo "1113"]
[PlyCount "124"]

1. e4 e5 2. Nf3 Nc6 3. Bc4 h6 4. d4 d6 5. O-O Bd7 6. c3 Nf6 7. Bxf7+ Kxf7 8.
Qb3+ Be6 9. Qxb7 Na5 10. Qb4 c5 11. Nxe5+ dxe5 12. Qa3 cxd4 13. b4 Nxe4 14. Nd2
Nxd2 15. Bxd2 Nc4 16. Qc1 dxc3 17. Bxc3 Bd6 18. Qc2 e4 19. Qxe4 Qg5 20. Rae1
Rae8 21. Qb7+ Kg8 22. g3 Re7 23. Qc6 Kh7 24. f4 Qd5 25. Qxd5 Bxd5 26. Rd1 Bb7
27. Rd4 Rd8 28. Rxc4 Re2 29. f5 Rg2+ 30. Kh1 Rxa2+ 31. Kg1 Re8 32. Rf2 Ra1+ 33.
Bxa1 Re1+ 34. Rf1 Rxf1+ 35. Kxf1 Ba6 36. b5 Bxb5 37. Kg2 Bxc4 38. h4 a5 39. Kh3
g6 40. f6 a4 41. g4 Be6 42. Kg2 Bxg4 43. Kf2 g5 44. Ke3 gxh4 45. Kd4 h3 46. Kd5
h2 47. Kxd6 h1=Q 48. Bc3 Qe4 49. Be5 Kg6 50. Bc3 Qe6+ 51. Kc5 Qc8+ 52. Kb4 a3
53. Kb3 Be6+ 54. Kc2 a2 55. Kd3 Qxc3+ 56. Kxc3 a1=Q+ 57. Kd2 Qd4+ 58. Ke2 Qc3
59. Kf2 Qd3 60. Ke1 Bc4 61. Kf2 Kxf6 62. Ke1 Qe2# 0-1

[Event "Tournoi Skype 028B"]
[Site "Skype"]
[Date "????.??.??"]
[Round "2.57"]
[White "Rivalta, Paolo"]
[Black "Gomez Zuluaga, Jorge Adiel"]
[Result "0-1"]
[WhiteElo "1101"]
[BlackElo "1000"]
[PlyCount "70"]

1. e4 e5 2. Bc4 d6 3. Nf3 Be6 4. Bxe6 fxe6 5. O-O Nf6 6. Nc3 g6 7. b3 Nbd7 8.
d4 Bg7 9. Bb2 O-O 10. Re1 Qe7 11. dxe5 dxe5 12. Qd2 Rad8 13. Nb5 Nb6 14. Qg5
Nfd5 15. exd5 Qxg5 16. Nxg5 Rxd5 17. Nxc7 Rd2 18. Ncxe6 Rfxf2 19. Nh3 Rxg2+ 20.
Kf1 Rxc2 21. Rab1 Rxh2 22. Nxg7 Rxh3 23. Kg1 Kxg7 24. Bxe5+ Kh6 25. Rb2 Rc6 26.
Rf2 Nd5 27. a4 Nb4 28. Ree2 Nd3 29. Rh2 Rc1+ 30. Kg2 Rxh2+ 31. Kxh2 Nxe5 32.
Rxe5 Rc7 33. Kg1 g5 34. Re6+ Kh5 35. Re7 Rxe7 0-1

[Event "Tournoi Skype 028B"]
[Site "Skype"]
[Date "????.??.??"]
[Round "2.58"]
[White "Ibanez, Bittor"]
[Black "Schnell, Nicolas"]
[Result "1-0"]
[WhiteElo "1000"]
[BlackElo "1099"]
[PlyCount "91"]

1. c4 e5 2. g3 Bc5 3. Nf3 e4 4. Ne5 Qf6 5. d4 Bb4+ 6. Bd2 Qh6 7. e3 a5 8. Bxb4
axb4 9. a3 Qd6 10. c5 Qe7 11. Nd2 Nf6 12. Bg2 d6 13. cxd6 Qxd6 14. Nxe4 Nxe4
15. Bxe4 O-O 16. Nc4 Qd7 17. axb4 Na6 18. O-O f5 19. Ne5 Qd8 20. Qb3+ Kh8 21.
Nf7+ Rxf7 22. Qxf7 fxe4 23. Kg2 Bg4 24. f3 exf3+ 25. Kf2 Qg5 26. Ra5 Qh6 27. h4
Qc6 28. Qb3 Re8 29. Re5 Qd7 30. Rxe8+ Qxe8 31. Rc1 Bh5 32. Qd5 c6 33. Qe5 Qd8
34. b5 Qa5 35. Qxh5 Qd2+ 36. Kxf3 g6 37. Qe5+ Kg8 38. Qe6+ Kg7 39. bxa6 Qxc1
40. axb7 Qf1+ 41. Ke4 Kh6 42. Qe5 Qf5+ 43. Qxf5 gxf5+ 44. Kxf5 Kh5 45. b8=Q h6
46. Qe8# 1-0

[Event "Tournoi Skype 028B"]
[Site "Skype"]
[Date "????.??.??"]
[Round "2.59"]
[White "Manvatkar, Kamlesh"]
[Black "Cengiz, Ali Ekber"]
[Result "0-1"]
[WhiteElo "1000"]
[BlackElo "1098"]
[PlyCount "44"]

1. e4 e5 2. Nf3 d6 3. Bc4 Nf6 4. d4 Nc6 5. O-O Be7 6. Nc3 O-O 7. d5 Nb8 8. Qd3
Bd7 9. Nh4 a6 10. Qg3 b5 11. Bb3 b4 12. Bh6 Nh5 13. Qf3 Bxh4 14. Qxh5 Bf6 15.
Ne2 gxh6 16. Qxh6 Kh8 17. f4 Rg8 18. f5 a5 19. c3 Na6 20. Ng3 Nc5 21. Bd1 Nd3
22. Bh5 Bg5 0-1

[Event "Tournoi Skype 028B"]
[Site "Skype"]
[Date "????.??.??"]
[Round "2.60"]
[White "Martinez, Danny"]
[Black "Huerta, Jesus"]
[Result "1-0"]
[WhiteElo "1090"]
[BlackElo "1000"]
[PlyCount "81"]

1. e4 e5 2. Nf3 Nc6 3. Bb5 a6 4. Ba4 b5 5. Bb3 Nf6 6. d3 Be7 7. O-O O-O 8. Re1
d5 9. exd5 Nxd5 10. Nbd2 Bg4 11. h3 Bh5 12. c3 Nf4 13. Ne4 Qd7 14. Ng3 Nxh3+
15. Kf1 Bg4 16. Be3 Bh4 17. Nh1 Rae8 18. gxh3 Bxh3+ 19. Ke2 Qg4 20. Kd2 e4 21.
Ng1 Qxd1+ 22. Raxd1 Bg4 23. Ne2 Rd8 24. Kc2 Bxe2 25. Rxe2 exd3+ 26. Rxd3 Rxd3
27. Kxd3 Rd8+ 28. Ke4 h5 29. Bf4 Re8+ 30. Kf3 Nd4+ 31. cxd4 Rxe2 32. Kxe2 g5
33. Bxc7 Kg7 34. Ke3 Kf6 35. d5 Ke7 36. d6+ Kd7 37. Bxf7 g4 38. Bxh5 g3 39.
fxg3 Bd8 40. Bg4+ Ke8 41. Ke4 1-0

[Event "Tournoi Skype 028B"]
[Site "Skype"]
[Date "????.??.??"]
[Round "2.61"]
[White "Marty, Yvette"]
[Black "Barba Cepeda, Julio Cesar"]
[Result "0-1"]
[WhiteElo "1000"]
[BlackElo "1087"]
[PlyCount "44"]

1. e4 e5 2. d3 Nf6 3. Nc3 c5 4. b3 Be7 5. Nf3 d6 6. Bg5 Nc6 7. d4 a6 8. Bxf6
Bxf6 9. d5 Nd4 10. Nxd4 exd4 11. Bb5+ axb5 12. Nxb5 Qa5+ 13. b4 Qxb5 14. a4
Qxb4+ 15. c3 Qxc3+ 16. Ke2 d3+ 17. Kf3 Qc2 18. Rc1 Qxd1+ 19. Rhxd1 Rxa4 20.
Rxd3 b6 21. Kf4 Be5+ 22. Kf3 Bxh2 0-1

[Event "Tournoi Skype 028B"]
[Site "Skype"]
[Date "????.??.??"]
[Round "2.62"]
[White "Ruiz Aguilera, Juan Jesus"]
[Black "Martins, Rodrigo Baldo"]
[Result "1-0"]
[WhiteElo "1083"]
[BlackElo "1000"]
[PlyCount "71"]

1. d4 Nf6 2. Bf4 d6 3. c3 Nbd7 4. Nd2 e5 5. dxe5 dxe5 6. Bg3 Bc5 7. e4 O-O 8.
Ngf3 Ng4 9. h3 Ne3 10. fxe3 Bxe3 11. Nc4 Bf4 12. Bxf4 exf4 13. Qd2 Qf6 14. Qd4
Ne5 15. Ncxe5 Be6 16. Bc4 Rfe8 17. Bxe6 Rxe6 18. O-O-O Rd6 19. Qc5 b6 20. Qxc7
Rdd8 21. Rxd8+ Rxd8 22. Rd1 g5 23. Qxd8+ Qxd8 24. Rxd8+ Kg7 25. Nxg5 h6 26.
Ngxf7 a5 27. Nd6 Kf6 28. Nec4 b5 29. Nxb5 Kg5 30. e5 f3 31. gxf3 Kf4 32. e6
Kxf3 33. e7 Kg3 34. e8=Q Kxh3 35. Qg6 Kh4 36. Rh8 1-0

[Event "Tournoi Skype 028B"]
[Site "Skype"]
[Date "????.??.??"]
[Round "2.63"]
[White "Mira Poveda, Jose Antonio"]
[Black "Abdulrazzaq, Mohsen"]
[Result "0-1"]
[WhiteElo "1000"]
[BlackElo "1080"]
[PlyCount "64"]

1. e4 c5 2. Nc3 d6 3. Nf3 Nc6 4. d3 h6 5. g3 e5 6. Bg2 Nf6 7. O-O Be7 8. Be3
O-O 9. Nh4 Bg4 10. f3 Be6 11. f4 exf4 12. Bxf4 g5 13. Nf5 gxf4 14. Rxf4 Bxf5
15. Rxf5 Qd7 16. Bh3 Qc7 17. Nd5 Nxd5 18. Qg4+ Bg5 19. exd5 Ne7 20. Rf6 Kh7 21.
Qe4+ Ng6 22. Rf3 Rae8 23. Qg4 Ne5 24. Qf5+ Kg8 25. Rf2 Be3 26. Raf1 Qe7 27. Kh1
Bxf2 28. Rxf2 Qg5 29. Qe4 Ng6 30. Rf5 Rxe4 31. Rxg5 Re1+ 32. Kg2 hxg5 0-1

[Event "Tournoi Skype 028B"]
[Site "Skype"]
[Date "????.??.??"]
[Round "2.64"]
[White "Ramirez, Luis Antonio"]
[Black "Mercado, Joseph"]
[Result "0-1"]
[WhiteElo "1075"]
[BlackElo "1000"]
[PlyCount "80"]

1. e4 e5 2. Nc3 f5 3. Qh5+ g6 4. Qf3 Bc5 5. exf5 Ne7 6. f6 Nf5 7. Qd5 d6 8. f7+
Kf8 9. Nf3 Qf6 10. Ne4 Qe7 11. c3 Be6 12. Qd3 Bxf7 13. b4 Bb6 14. g3 h6 15. Bg2
d5 16. O-O dxe4 17. Qxe4 Nc6 18. Re1 Rd8 19. d4 Bd5 20. Qc2 e4 21. Nd2 e3 22.
fxe3 Nxe3 23. Qxg6 Bxg2 24. Re2 Nxd4 25. Rf2+ Nf3+ 26. Nxf3 Rd1+ 27. Ne1+ Bf3
28. Rxf3+ Nf5+ 29. Kg2 Qe2+ 30. Kh3 Rxe1 31. Qxf5+ Ke7 32. Qf6+ Kd7 33. Rf4 Re8
34. Qf7+ Kc8 35. Rb1 Rh1 36. Qf5+ Kb8 37. Kh4 Rxh2+ 38. Qh3 Qe7+ 39. Kg4 Rg8+
40. Kf3 Rf2# 0-1

[Event "Tournoi Skype 028B"]
[Site "Skype"]
[Date "????.??.??"]
[Round "2.65"]
[White "Nobile, Mauro"]
[Black "Maccaferri, Massimo"]
[Result "0-1"]
[WhiteElo "1000"]
[BlackElo "1074"]
[PlyCount "60"]

1. e4 e5 2. Nf3 Nc6 3. d4 Nf6 4. dxe5 Nxe4 5. Bd3 Nc5 6. Bc4 Qe7 7. O-O f6 8.
Nc3 Nxe5 9. Nd5 Nxf3+ 10. Qxf3 Qd6 11. Bf4 Qc6 12. Bb5 Qxb5 13. Nxc7+ Kd8 14.
Nxb5 Ne6 15. Rfe1 a6 16. Nd6 Ke7 17. Qa3 Kd8 18. Nf7+ Ke8 19. Nxh8 Bxa3 20.
bxa3 Kf8 21. Bd6+ Kg8 22. Ng6 hxg6 23. Rad1 a5 24. Re3 b5 25. Rg3 g5 26. Rd5 b4
27. axb4 axb4 28. Bxb4 Rxa2 29. Rc3 Ra1+ 30. Rd1 Rxd1# 0-1

[Event "Tournoi Skype 028B"]
[Site "Skype"]
[Date "????.??.??"]
[Round "2.66"]
[White "Gerbaux, Regis"]
[Black "Nakamura, Seiichi"]
[Result "1-0"]
[WhiteElo "1073"]
[BlackElo "1000"]
[PlyCount "83"]

1. Nf3 d5 2. d4 Nf6 3. Bf4 e6 4. e3 c5 5. c3 b6 6. Nbd2 Nbd7 7. c4 Bb7 8. Bd3
Be7 9. Ne5 Nxe5 10. dxe5 Ne4 11. Nxe4 dxe4 12. Be2 Qxd1+ 13. Rxd1 O-O 14. O-O
Rad8 15. Bg3 a6 16. a4 Rxd1 17. Rxd1 h6 18. Rd7 Bg5 19. Rxb7 Bd8 20. f4 g6 21.
Rd7 h5 22. h4 f5 23. Bf2 Re8 24. Kh2 Be7 25. Kh3 Bf8 26. Rb7 Rd8 27. Rxb6 Rd2
28. Rxe6 Rxe2 29. Kg3 Rxb2 30. Rxg6+ Kh7 31. Rxa6 Rb4 32. e6 Kg7 33. Ra7+ Kf6
34. Rf7+ Kxe6 35. Rxf8 Rxa4 36. Rh8 Rxc4 37. Rxh5 Ra4 38. Rg5 c4 39. h5 c3 40.
h6 c2 41. h7 c1=Q 42. h8=Q 1-0

[Event "Tournoi Skype 028B"]
[Site "Skype"]
[Date "????.??.??"]
[Round "2.67"]
[White "Rodriguez, Gisselle"]
[Black "Montilla Bejarano, Carmen"]
[Result "0-1"]
[WhiteElo "1000"]
[BlackElo "1073"]
[PlyCount "38"]

1. d4 d5 2. Bf4 Nc6 3. e3 Bf5 4. Bb5 Qd7 5. Nf3 f6 6. O-O g5 7. Bg3 h5 8. Nc3
h4 9. Bxc6 bxc6 10. Nxh4 gxh4 11. Bf4 h3 12. gxh3 Bxh3 13. f3 e5 14. Bg3 Qg7
15. Rf2 Bd6 16. Qd3 exd4 17. Qxd4 Bxg3 18. hxg3 Qxg3+ 19. Rg2 Qxg2# 0-1

[Event "Tournoi Skype 028B"]
[Site "Skype"]
[Date "????.??.??"]
[Round "2.68"]
[White "Clayton, Estelita"]
[Black "Quiel, Aristoteles"]
[Result "1-0"]
[WhiteElo "1072"]
[BlackElo "1000"]
[PlyCount "73"]

1. Nf3 f5 2. d4 Nf6 3. Bf4 e6 4. c3 d5 5. e3 c6 6. Bd3 Bd6 7. Bxd6 Qxd6 8. h3
O-O 9. O-O Nbd7 10. Nbd2 Ne4 11. Ne1 Nxd2 12. Qxd2 Nf6 13. f3 h5 14. Qf2 e5 15.
Qg3 Re8 16. Nc2 Qf8 17. dxe5 Nh7 18. Nd4 g6 19. Qxg6+ Kh8 20. f4 Bd7 21. Qxh5
Re7 22. Nxf5 Bxf5 23. Qxf5 Qxf5 24. Bxf5 Rf8 25. Bxh7 Kxh7 26. g4 Kh6 27. Rae1
Kg6 28. f5+ Kg5 29. e6 Kh4 30. Kg2 Rf6 31. e4 dxe4 32. Rxe4 a6 33. Rf3 b5 34.
Rg3 c5 35. g5+ Kh5 36. gxf6 Re8 37. e7 1-0

[Event "Tournoi Skype 028B"]
[Site "Skype"]
[Date "????.??.??"]
[Round "2.69"]
[White "Rodriguez Tovar, Liliana"]
[Black "Dib, Catherine"]
[Result "0-1"]
[WhiteElo "1000"]
[BlackElo "1070"]
[PlyCount "60"]

1. e4 c5 2. Bc4 Nc6 3. Nf3 Nf6 4. Nc3 g6 5. d4 cxd4 6. Nxd4 Bg7 7. Be3 O-O 8.
Qf3 e5 9. Nf5 gxf5 10. O-O-O fxe4 11. Qf5 d5 12. Bb3 Bxf5 13. Rxd5 Nxd5 14.
Nxd5 a6 15. h4 Na5 16. Bb6 Nxb3+ 17. axb3 Qxd5 18. Rd1 Qc6 19. Be3 Rac8 20. Rd2
Rfd8 21. Rxd8+ Rxd8 22. Kb1 Be6 23. c4 Rd1+ 24. Ka2 Qc5 25. Bxc5 Rd3 26. g3 f5
27. h5 b5 28. Ka3 bxc4 29. Kb4 Rxb3+ 30. Ka5 Rxb2 0-1

[Event "Tournoi Skype 028B"]
[Site "Skype"]
[Date "????.??.??"]
[Round "2.70"]
[White "Homme, Jim"]
[Black "Rodgerson, Michael"]
[Result "1-0"]
[WhiteElo "1066"]
[BlackElo "1000"]
[PlyCount "39"]

1. d4 d5 2. Nf3 Nf6 3. e3 e6 4. Bd3 Bd6 5. O-O O-O 6. Nbd2 Nc6 7. Re1 Bd7 8. e4
dxe4 9. Nxe4 e5 10. dxe5 Qe7 11. exf6 gxf6 12. Nc3 Rfe8 13. Nd5 Qd8 14. Rxe8+
Qxe8 15. Nxf6+ Kf8 16. Nxe8 Rxe8 17. Bh6+ Kg8 18. Qd2 a5 19. Qg5+ Kh8 20. Qg7#
1-0

[Event "Tournoi Skype 028B"]
[Site "Skype"]
[Date "????.??.??"]
[Round "2.71"]
[White "Silva, Robson"]
[Black "Latterra, Jeremias"]
[Result "1-0"]
[WhiteElo "1000"]
[BlackElo "1065"]
[PlyCount "49"]

1. d4 Nf6 2. c3 g6 3. Bg5 Bg7 4. Nd2 O-O 5. Ngf3 Nc6 6. Qa4 d5 7. e3 Nd7 8.
O-O-O Nb6 9. Qa3 Qd6 10. Qxd6 cxd6 11. Bb5 Re8 12. Nb3 f6 13. Bh4 e5 14. Na5
exd4 15. Nxc6 dxc3 16. Nxa7 cxb2+ 17. Kxb2 Nc4+ 18. Kb3 Na5+ 19. Kb2 Re4 20.
Nxc8 Rb4+ 21. Kc3 Rxc8+ 22. Kxb4 Nc6+ 23. Kb3 Na5+ 24. Ka4 b6 25. Rxd5 1-0

[Event "Tournoi Skype 028B"]
[Site "Skype"]
[Date "????.??.??"]
[Round "3.1"]
[White "Escabias Perez, Miguel"]
[Black "Yepes Bermudez, Maribel"]
[Result "1-0"]
[WhiteElo "1441"]
[BlackElo "1287"]
[PlyCount "97"]

1. e4 d5 2. exd5 Qxd5 3. Nc3 Qa5 4. Nf3 Nf6 5. d4 Bf5 6. Bd2 c6 7. Ne4 Qc7 8.
Nxf6+ gxf6 9. Bc3 e6 10. Bd3 Bg6 11. d5 Nd7 12. dxe6 fxe6 13. Qd2 e5 14. Rd1 e4
15. Qe2 O-O-O 16. Bxe4 Re8 17. Nd2 Bxe4 18. Nxe4 Bg7 19. O-O h5 20. Qd3 Ne5 21.
Nd6+ Kb8 22. Nxe8 Rxe8 23. Bxe5 fxe5 24. Qd7 Qxd7 25. Rxd7 Bf6 26. Rfd1 Kc8 27.
Rf7 Bg5 28. Rdd7 e4 29. Rc7+ Kb8 30. Rxb7+ Ka8 31. Rxa7+ Kb8 32. Rab7+ Ka8 33.
a4 e3 34. fxe3 Bxe3+ 35. Kf1 Rd8 36. Rbd7 Rb8 37. b3 Bb6 38. Rf5 h4 39. a5 Ba7
40. Rff7 Bc5 41. Rc7 Rd8 42. Rfd7 Rf8+ 43. Ke1 Bb4+ 44. Ke2 Re8+ 45. Kf3 Rf8+
46. Rf7 Rxf7+ 47. Rxf7 Bxa5 48. Rh7 Be1 49. Ke2 1-0

[Event "Tournoi Skype 028B"]
[Site "Skype"]
[Date "????.??.??"]
[Round "3.2"]
[White "Junqueira, Leonardo De Faria"]
[Black "Khatanhar, Mohit"]
[Result "1/2-1/2"]
[WhiteElo "1408"]
[BlackElo "1266"]
[PlyCount "83"]

1. e4 e5 2. d4 exd4 3. c3 dxc3 4. Nxc3 Bb4 5. Bd2 d6 6. Bc4 Nf6 7. Qb3 Bxc3 8.
Bxc3 O-O 9. e5 dxe5 10. Rd1 Qe8 11. Bb4 e4 12. Bxf8 Qxf8 13. Bxf7+ Kh8 14. Bc4
Nc6 15. Ne2 Na5 16. Qc2 Nxc4 17. Qxc4 Bg4 18. O-O c6 19. Rd4 Bxe2 20. Qxe2 h6
21. Rfd1 a6 22. R1d2 Nd5 23. Rxe4 Rb8 24. Qe1 Nf6 25. Re5 Ng4 26. Re7 Nf6 27.
Rde2 b5 28. Qa5 Ra8 29. Qc7 Nd5 30. Qxc6 Nxe7 31. Rxe7 Rc8 32. Rc7 Rd8 33. g3
Qf5 34. Qc1 Qg4 35. Qe3 Qd1+ 36. Kg2 Qd5+ 37. Qf3 Qxa2 38. b3 Qd2 39. Ra7 Qd6
40. Qf7 Qd5+ 41. Qxd5 Rxd5 42. Rxa6 1/2-1/2

[Event "Tournoi Skype 028B"]
[Site "Skype"]
[Date "????.??.??"]
[Round "3.3"]
[White "San Isidro, Josep"]
[Black "Le Bouill, Pierre"]
[Result "1/2-1/2"]
[WhiteElo "1406"]
[BlackElo "1252"]
[PlyCount "74"]

1. d4 Nf6 2. Nf3 d5 3. Bf4 Bf5 4. e3 e6 5. c4 c6 6. Nc3 Bd6 7. cxd5 exd5 8.
Bxd6 Qxd6 9. Bd3 Bxd3 10. Qxd3 O-O 11. O-O Qc7 12. Rac1 Nbd7 13. Rfe1 Rfe8 14.
e4 dxe4 15. Nxe4 Nxe4 16. Rxe4 Rxe4 17. Qxe4 Nf6 18. Qd3 Re8 19. h3 Qd8 20. Kf1
g6 21. Re1 Rxe1+ 22. Nxe1 Nd5 23. a3 Nf4 24. Qe4 Nd5 25. Nf3 Qe7 26. Qxe7 Nxe7
27. Ke2 Kf8 28. Kd3 Ke8 29. g3 h5 30. Nd2 Kd7 31. Nc4 f6 32. Ne3 Ke6 33. Ke4 g5
34. g4 hxg4 35. hxg4 a6 36. b4 b5 37. f3 Ng6 1/2-1/2

[Event "Tournoi Skype 028B"]
[Site "Skype"]
[Date "????.??.??"]
[Round "3.4"]
[White "Rivas, Jonathan"]
[Black "Felippe E Silva, Glenda"]
[Result "1-0"]
[WhiteElo "1378"]
[BlackElo "1207"]
[PlyCount "83"]

1. e4 c6 2. d4 d5 3. e5 c5 4. c3 Nc6 5. Nf3 Bg4 6. Be2 Bxf3 7. Bxf3 e6 8. O-O
Qb6 9. b3 cxd4 10. cxd4 Qxd4 11. Qxd4 Nxd4 12. Bd1 Ne7 13. Nc3 a6 14. Be3 Ndc6
15. Na4 Ng6 16. f4 Be7 17. Rc1 O-O 18. Nb6 Rad8 19. Be2 Bb4 20. Rc2 Ba5 21. Na4
b5 22. Rxc6 bxa4 23. bxa4 Rc8 24. Rxa6 Bb4 25. g3 Rc2 26. Bd3 Rxa2 27. Rb1 Bd2
28. Bxd2 Rxd2 29. Bb5 Ne7 30. a5 Ra2 31. Ra7 Nf5 32. a6 Nd4 33. Bf1 Nc6 34. Rc7
Rxa6 35. Bxa6 Nd4 36. Rbb7 Nf3+ 37. Kf2 Nxh2 38. Be2 g6 39. Kg2 h5 40. Kxh2 Kg7
41. Kh3 Kh6 42. Kh4 1-0

[Event "Tournoi Skype 028B"]
[Site "Skype"]
[Date "????.??.??"]
[Round "3.5"]
[White "Loaisiga Perez, Carlos Alberto"]
[Black "Milanese, Serge"]
[Result "1-0"]
[WhiteElo "1374"]
[BlackElo "1202"]
[PlyCount "89"]

1. e4 c6 2. d4 d5 3. e5 Bf5 4. Nf3 Nd7 5. Be2 e6 6. O-O Ne7 7. Nh4 c5 8. c3 Rc8
9. Bg5 cxd4 10. cxd4 Bc2 11. Qd2 h6 12. Be3 Bh7 13. Nc3 Nc6 14. a3 Be7 15. Nf3
Be4 16. Nxe4 dxe4 17. Ne1 Bg5 18. f3 Na5 19. Bxg5 hxg5 20. Qe3 Nb6 21. Bb5+ Kf8
22. fxe4 Nbc4 23. Qg3 Nd2 24. Rxf7+ Kxf7 25. Qf2+ Ke7 26. Qxd2 Kf7 27. b4 Nb3
28. Qf2+ Kg6 29. Rb1 Rf8 30. Qe3 Qxd4 31. Rxb3 Qxe3+ 32. Rxe3 a6 33. Be2 Rc1
34. Bg4 Re8 35. h3 Ra1 36. Kh2 b5 37. Nd3 Rxa3 38. Nf4+ gxf4 39. Rxa3 Kg5 40.
Rxa6 Rd8 41. Rxe6 Rd4 42. Bf3 Rxb4 43. Rb6 Rb3 44. e6 Kf6 45. e5+ 1-0

[Event "Tournoi Skype 028B"]
[Site "Skype"]
[Date "????.??.??"]
[Round "3.6"]
[White "Scata, Laura"]
[Black "Abate, Luigi"]
[Result "1-0"]
[WhiteElo "1366"]
[BlackElo "1189"]
[PlyCount "83"]

1. d4 Nf6 2. Nf3 g6 3. Nc3 Bg7 4. e4 d5 5. e5 Ne4 6. Nxe4 dxe4 7. Ng5 f6 8.
Nxe4 Bf5 9. exf6 exf6 10. Ng3 Be6 11. c3 Qd7 12. Be3 Nc6 13. Bb5 a6 14. Ba4
O-O-O 15. Bb3 Bd5 16. Bxd5 Qxd5 17. O-O f5 18. Qb3 Qd6 19. Ne2 Rhe8 20. Bf4 Qd5
21. Qxd5 Rxd5 22. Be3 f4 23. Nxf4 Rf5 24. Nd3 Ne7 25. f4 Nd5 26. Bd2 Re2 27.
Rf2 Re7 28. Re1 Bh6 29. Rxe7 Nxe7 30. Re2 Nd5 31. g3 g5 32. Re5 Rxe5 33. fxe5
Kd7 34. h4 Bf8 35. Bxg5 Be7 36. Bxe7 Nxe7 37. Kg2 Ke6 38. Kf3 Kf7 39. Ke4 c6
40. Nc5 Kg7 41. Nxb7 Nf5 42. Kxf5 1-0

[Event "Tournoi Skype 028B"]
[Site "Skype"]
[Date "????.??.??"]
[Round "3.7"]
[White "Jimenez Cabrera, Rodolfo"]
[Black "Cabrera Sosa, Marco Vinicio"]
[Result "0-1"]
[WhiteElo "1175"]
[BlackElo "1364"]
[PlyCount "110"]

1. c4 b6 2. Nc3 Bb7 3. d4 e6 4. Nf3 Nf6 5. Bf4 a6 6. e4 Nxe4 7. Bd3 Nxc3 8.
bxc3 d6 9. O-O Nd7 10. Re1 Be7 11. Be4 Bxe4 12. Rxe4 Nf6 13. Re1 O-O 14. h3 Qd7
15. a4 Nh5 16. Bg3 f5 17. Nd2 Nxg3 18. fxg3 Rae8 19. a5 b5 20. cxb5 axb5 21.
Nb3 Bf6 22. Rc1 e5 23. dxe5 Bxe5 24. Kh2 f4 25. Qd5+ Qf7 26. Qxf7+ Rxf7 27. g4
f3+ 28. Kh1 f2 29. Rf1 Ra8 30. Rc2 Bg3 31. Ra2 c5 32. Nc1 Rfa7 33. Ne2 Rxa5 34.
Rxa5 Rxa5 35. Nxg3 Ra2 36. Kh2 d5 37. Nf5 Kf8 38. Kg3 Rc2 39. Nd6 Rxc3+ 40.
Kxf2 b4 41. Kg1+ Ke7 42. Nb5 Rc2 43. Rf2 b3 44. Na3 Rc1+ 45. Kh2 Ra1 46. Nb5
Ra2 47. Rf1 d4 48. Rc1 b2 49. Rb1 Kd7 50. Kg3 Kc6 51. Nxd4+ cxd4 52. Kf2 Kc5
53. Ke2 Kc4 54. Kd2 Kb3 55. Rf1 b1=Q# 0-1

[Event "Tournoi Skype 028B"]
[Site "Skype"]
[Date "????.??.??"]
[Round "3.8"]
[White "Alarcon Alarcon, Florentina"]
[Black "De Coninck, Philippe"]
[Result "1-0"]
[WhiteElo "1363"]
[BlackElo "1173"]
[PlyCount "51"]

1. e4 e5 2. Nf3 Nc6 3. Bb5 a6 4. Ba4 Nf6 5. d3 b5 6. Bb3 d5 7. exd5 Nxd5 8. O-O
Bc5 9. Nbd2 Bg4 10. Ne4 Bb6 11. h3 h5 12. c3 b4 13. Bxd5 Qxd5 14. hxg4 hxg4 15.
Nh2 Qe6 16. Qxg4 f5 17. Qxg7 Rg8 18. Nf6+ Kd8 19. Qxg8+ Qxg8 20. Nxg8 Kd7 21.
Nf6+ Ke6 22. Bg5 bxc3 23. bxc3 Rd8 24. Rad1 Ba5 25. Nh5 Bxc3 26. Bxd8 1-0

[Event "Tournoi Skype 028B"]
[Site "Skype"]
[Date "????.??.??"]
[Round "3.9"]
[White "Hernandez Lopez, Joaquin"]
[Black "Lopes, Marcia Maria"]
[Result "1-0"]
[WhiteElo "1106"]
[BlackElo "1363"]
[PlyCount "119"]

1. d4 Nf6 2. Nf3 e6 3. Bf4 b6 4. e3 Bb7 5. Be2 Be7 6. O-O O-O 7. Ng5 Nd5 8. Nf3
Nxf4 9. exf4 f5 10. Ne5 d6 11. Bf3 Bxf3 12. Qxf3 Nd7 13. Nc6 Qe8 14. Re1 Bf6
15. Qe2 Nb8 16. Qxe6+ Qxe6 17. Rxe6 Nxc6 18. c3 Nd8 19. Re2 Nf7 20. Nd2 Rfe8
21. Rae1 Rxe2 22. Rxe2 d5 23. Nf3 Nd6 24. Nd2 Ne4 25. Nxe4 dxe4 26. Re3 a5 27.
a4 c6 28. f3 Re8 29. Kf2 Kf8 30. g3 g5 31. h3 gxf4 32. gxf4 Bh4+ 33. Ke2 Bg3
34. fxe4 Bxf4 35. Rf3 Rxe4+ 36. Kd3 Kg7 37. h4 h5 38. Kc4 Kf6 39. b4 axb4 40.
cxb4 Be5 41. Rd3 Rxh4 42. Kc3 Bd6 43. a5 bxa5 44. bxa5 Rg4 45. Kc4 h4 46. a6
Bc5 47. Kxc5 Rg8 48. Kxc6 Ra8 49. Ra3 f4 50. Kb7 Rh8 51. a7 h3 52. a8=Q Rxa8
53. Rxa8 Kg5 54. d5 f3 55. d6 h2 56. Rg8+ Kh4 57. d7 h1=Q 58. Rh8+ Kg3 59. Rxh1
Kg2 60. Ra1 1-0

[Event "Tournoi Skype 028B"]
[Site "Skype"]
[Date "????.??.??"]
[Round "3.11"]
[White "Llabres, Sergio"]
[Black "Amato, Ludovica"]
[Result "0-1"]
[WhiteElo "1000"]
[BlackElo "1346"]
[PlyCount "100"]

1. Nf3 d5 2. d4 c6 3. e3 Nf6 4. b3 Bg4 5. Be2 e6 6. Bb2 Bd6 7. Ne5 Bf5 8. Nd2
Nbd7 9. Bh5 Nxe5 10. dxe5 Nxh5 11. exd6 Nf6 12. Be5 O-O 13. O-O Ne8 14. Qf3
Nxd6 15. Qg3 Ne8 16. c3 f6 17. Bd4 b6 18. c4 Qd6 19. Qxd6 Nxd6 20. cxd5 exd5
21. Rac1 c5 22. Bb2 Rad8 23. Rfe1 Rfe8 24. g3 Nf7 25. Nf3 Be4 26. Nd2 Ne5 27.
Bxe5 Rxe5 28. Nxe4 dxe4 29. Kg2 Red5 30. a4 Rd2 31. Rc3 R2d3 32. Rec1 Rxc3 33.
Rxc3 Rd3 34. Rxd3 exd3 35. Kf1 a6 36. Ke1 b5 37. Kd2 c4 38. axb5 axb5 39. Kc3
Kf7 40. f3 Ke6 41. h3 Kd5 42. h4 b4+ 43. Kb2 c3+ 44. Kc1 g6 45. g4 f5 46. gxf5
gxf5 47. h5 Ke5 48. Kd1 f4 49. e4 Kd4 50. Ke1 Ke3 0-1

[Event "Tournoi Skype 028B"]
[Site "Skype"]
[Date "????.??.??"]
[Round "3.12"]
[White "Suazo, Olvin"]
[Black "Loaisiga, Jose Manuel"]
[Result "0-1"]
[WhiteElo "1000"]
[BlackElo "1336"]
[PlyCount "100"]

1. e4 e6 2. d4 d5 3. Nd2 c5 4. c3 c4 5. e5 b5 6. Ngf3 Nc6 7. a3 a5 8. Be2 Ba6
9. O-O b4 10. Qa4 Qb6 11. axb4 Bb5 12. Qc2 Ra7 13. Ng5 g6 14. Ngf3 axb4 15.
Rxa7 Qxa7 16. b3 cxb3 17. Qd1 Bxe2 18. Qxe2 Qa2 19. Qd1 b2 20. Bxb2 Qxb2 21.
cxb4 Bxb4 22. Qa4 Nge7 23. Qa8+ Nd8 24. Qa4+ Nec6 25. Rb1 Qxd2 26. Nxd2 Bxd2
27. Rb8 O-O 28. Rb2 Bc3 29. Rc2 Bxd4 30. Rxc6 Nxc6 31. Qxc6 Bxe5 32. g3 d4 33.
Qc5 Bg7 34. Kf1 e5 35. Ke2 e4 36. f3 e3 37. Qe7 f5 38. Kd3 Rf7 39. Qe6 Bf6 40.
f4 Kg7 41. h4 Re7 42. Qa2 e2 43. Qxe2 Rxe2 44. Kxe2 h6 45. Kd3 Kf7 46. Ke2 Ke6
47. Kd3 Kd5 48. Ke2 Ke4 49. Kd2 Kf3 50. Kd3 Kxg3 0-1

[Event "Tournoi Skype 028B"]
[Site "Skype"]
[Date "????.??.??"]
[Round "3.13"]
[White "Sanchez Padilla, Armando Edilber"]
[Black "Urda, Carlos Mario"]
[Result "0-1"]
[WhiteElo "1323"]
[BlackElo "1000"]
[PlyCount "72"]

1. e4 e5 2. Nf3 Nf6 3. Nc3 Bb4 4. Nd5 Nxd5 5. exd5 e4 6. Qe2 Qe7 7. Nd4 O-O 8.
c3 Bc5 9. Nf5 Qe5 10. Qg4 d6 11. Nh6+ Kh8 12. Qxc8 Bxf2+ 13. Kd1 Qh5+ 14. Be2
Rxc8 15. Bxh5 gxh6 16. Rf1 Bh4 17. Rxf7 Na6 18. Bg4 Rg8 19. Bf5 Rg7 20. Rxg7
Kxg7 21. Bxe4 Re8 22. Bf3 Nc5 23. b4 Nd3 24. Kc2 Ne1+ 25. Kb3 Nxf3 26. gxf3 Bg5
27. h3 Re1 28. Kc2 Rh1 29. c4 Bf6 30. Rb1 Rxh3 31. Rb3 h5 32. Re3 h4 33. b5 Rg3
34. Kd1 h3 35. Re1 h2 36. Rh1 Rg1+ 0-1

[Event "Tournoi Skype 028B"]
[Site "Skype"]
[Date "????.??.??"]
[Round "3.15"]
[White "Hargez, Dany"]
[Black "Yepez, German"]
[Result "0-1"]
[WhiteElo "1296"]
[BlackElo "1000"]
[PlyCount "48"]

1. e4 e5 2. Nf3 Nc6 3. Bc4 g6 4. d3 Bg7 5. Bg5 Nf6 6. Qd2 h6 7. Bh4 d6 8. h3
O-O 9. Nc3 Qd7 10. Bxf6 Bxf6 11. g4 Bg7 12. g5 h5 13. O-O-O b6 14. Ne1 Na5 15.
f4 Nxc4 16. dxc4 exf4 17. Nd3 Qc6 18. Nxf4 Qxc4 19. Nfe2 Bb7 20. b3 Bxe4 21.
Rhe1 d5 22. Nd4 c5 23. Re3 Rfe8 24. Rg1 Bf8 0-1